00382 a2200109 4500001001000000005001700010008004100027245010500068100002600173773005600199999001700255ART_4240820260410161755.0260409a 10aImpuestos sobre los ingresos brutos en la Provincia de Buenos Aires. Ventas a "consumidores finales"1 aGarcía, Fernando D.0 tDoctrina tributariag- Nº 362 (may. 2010)wREV4296 c20074d20074